000 00763nam a2200181Ia 4500
008 100920s9999 xx 000 0 und d
082 _b88405
_a51 0
100 _aसंपादक-खांडेकर वि.स.
245 _aवामन मल्हार जोशी व्यिक्त आणि विचार.
260 _bदेशमुख आणि कंपनी, पुणे.
_c0
300 _a170
_bसाधी
365 _b4.5
520 _aचरित्र.
630 _aवामन मल्हार जोशी व्यिक्त आणि विचार.
650 _aचरित्र.
730 _aवामन मल्हार जोशी व्यिक्त आणि विचार.
942 _cBOOK
999 _c728910
_d728907